Évolution logo Coca-Cola - Clic Quiz - Statistiques

Statistiques générales
  • Ce quiz a été pris 102 fois
    94 depuis la dernière actualisation
  • Le résultat moyen est 3 sur 6
Statistiques - réponses
Hint Réponse % Correct
1941 et 2003 - présent
88%
1886 - 1887
59%
1987 - 2009
45%
1891 - 1941
38%
1890 - 1891
34%
1887 - 1941
25%
Aucun quiz correspondant
Distribution des résultats
% des personnes avec chaque résultat
Percentile par nombre de réponses
Votre historique - résultats
Vous n’avez pas pris ce quiz depuis la dernière actualisation